World Bank Africa database (Record no. 447240)

000 -LEADER
fixed length control field 00264ngm a2200097 454500
008 - FIXED-LENGTH DATA ELEMENTS--GENERAL INFORMATION
fixed length control field 180718b xxu||||| |||| 00| 0 eng d
100 ## - MAIN ENTRY--PERSONAL NAME
Personal name The World Bank
245 ## - TITLE STATEMENT
Title World Bank Africa database
260 ## - PUBLICATION, DISTRIBUTION, ETC.
Place of publication, distribution, etc. Washington, D.C.
Name of publisher, distributor, etc. The author
Date of publication, distribution, etc.
500 ## - GENERAL NOTE
General note Library has 2003-2005
Holdings
Withdrawn status Lost status Damaged status Not for loan Permanent Location Current Location Date acquired Barcode Date last seen Price effective from Koha item type
        Indian Institute of Public Administration Indian Institute of Public Administration 2010-03-16 CD483 2018-07-21 2018-07-21 CD
        Indian Institute of Public Administration Indian Institute of Public Administration 2010-03-18 CD444 2018-07-21 2018-07-21 CD
        Indian Institute of Public Administration Indian Institute of Public Administration 2010-03-16 CD442 2018-07-21 2018-07-21 CD
        Indian Institute of Public Administration Indian Institute of Public Administration 2010-03-18 CD439 2018-07-21 2018-07-21 CD

Powered by Koha